000
00206 a2200097 4500
001
7848
100
_a
Gorsky, B
245
_a
Moana : ( vastness of the waters)
260
_a
_b
Elek
_c
090
_c
6297
_d
6297
942
_a
NUST-CAE
_c
M
_c
32819
999
_c
242921
_d
242921